[Event "FIDE Online Olympiad Top Division 2020"]
[Site "Online"]
[Date "2020.08.24"]
[Round "?"]
[White "Vogel, Roven"]
[Black "Nihal, Sarin"]
[Result "1/2-1/2"]
[WhiteElo "2311"]
[BlackElo "2597"]
[Annotator "TA"]
[PlyCount "104"]
[EventDate "2020.08.21"]

{[%evp 16,104,25,0,0,0,9,11,8,5,3,0,0,0,0,0,0,0,35,0,7,-29,12,-43,-41,-77,0,0,0,0,0,0,0,0,0,0,0,-46,0,0,0,0,0,0,0,0,0,0,0,0,0,0,0,0,0,-22,-22,-26,-15,-15,-13,-29,-30,-45,-45,-207,-68,-489,-522,-487,-514,-486,-491,-466,-423,-5100,-43,-213,0,-5014,-4906,-1544,0,0,0,0,0,0,0,-1384,0]} 1. d4 d5 2. c4 c6 3. cxd5 cxd5 4. Nc3 Nf6 5. Bf4 Nc6 6. e3 Bg4 7. Qb3 Na5 8. Bb5+ Bd7 9. Qa4 e6 {D10: Slav Defence: 3 cxd5 (without early Nf3) and 3 Nc3.} 10. Nf3 a6 11. Bxd7+ Nxd7 {The position is equal.} 12. O-O Be7 13. Rfc1 {Hoping for Bc7!} Nc6 {is the legacy move (13...Nc4).} 14. Qb3 Qb6 15. Qd1 O-O 16. Na4 Qb5 17. Bc7 {[#] Strongly threatening Nc3.} Rac8 $146 ({Predecessor:} 17... Rfc8 18. Nc3 Qb4 19. a3 Qxb2 20. Ra2 Qxc1 21. Qxc1 Rxc7 22. Rc2 Rac8 23. Ne2 Bd6 {0-1 (53) Dittmar,P (2347)-Graf,A (2583) Dresden 2006}) 18. Nc3 Qb4 (18... Qxb2 $5 {[%cal Rc8c7]} 19. Rab1 Qxb1 $1 {[%mdl 512]} 20. Rxb1 (20. Nxb1 Rxc7 21. g3 Rfc8 $11) 20... Rxc7 $11) 19. a3 (19. Bf4 $11) 19... Qxb2 $15 20. Ra2 {[#]} Qxa2 $1 {[%mdl 512]} 21. Nxa2 $11 {Threatens to win with Bg3.} Rxc7 22. Nb4 Rfc8 23. Nxc6 Rxc6 24. Rxc6 Rxc6 25. g3 b5 ({And not} 25... Bxa3 26. Qb3 $16) 26. Qd3 (26. a4 $5 {[%cal Ra4b5]}) 26... h6 27. Kg2 Nb6 28. Ne5 Rc7 29. h4 Bd6 30. Nf3 Nc4 31. e4 Nb6 ({But not} 31... Nxa3 $6 32. exd5 exd5 33. Qf5 $16) 32. Nd2 Be7 33. exd5 Nxd5 34. Ne4 Rc4 35. Nc5 Bxc5 36. dxc5 Rxc5 {[%mdl 4096] Endgame KQ-KRN} 37. Qd4 Rc7 38. h5 a5 {[%cal Ba6a5,Ba5b4,Bb4b3][%mdl 32]} 39. Qd3 Rb7 40. Qc2 $2 ({Better is} 40. Kf1 $15) 40... Rb8 $1 $19 41. Qc5 $2 {[%mdl 8192]} (41. Kf1 $15) 41... b4 42. Qa7 Rb6 $1 43. axb4 axb4 44. Qa8+ Kh7 45. Qe8 (45. Qa2 $142 b3 46. Qb2) 45... Rb7 $2 ({Black should play} 45... b3 $1 $19 {[%cal Rb3b2] And now ...b2 would win.} 46. Qxf7 Ne7 $1 {[%mdl 576] Promotion}) 46. Qc6 $2 (46. Qa8 $15 Rb6 47. Qa2) 46... Rb6 $2 (46... Rb8 47. Qc2+ Kg8) 47. Qe8 $1 b3 $1 {[%cal Rb3b2]} 48. Qxf7 {[#]} Rb8 $2 (48... Ne7 $1 $19 {[%mdl 512]} 49. Qf3 (49. Qxe7 b2) 49... b2 50. Qd3+ Nf5) 49. Qa7 $1 $11 {[%cal Ra7b8]} Rb4 50. Qf7 Rb8 {White must now prevent ...b2.} (50... b2 $5 51. Qg6+ $8 Kh8 52. Qe8+ Kh7 53. Qg6+ Kh8 54. Qe8+ Kh7 55. Qg6+ $11) 51. Qa7 $1 {[%cal Ra7b8]} Rb6 $2 {[%mdl 8192]} (51... Rb5 $11 52. Qa3 Rb4) 52. Qf7 $19 {[#]} Rb8 $2 {Accuracy: White = 65%, Black = 79%.} (52... Ne7 $1 $19 {[%mdl 512]} 53. Qf3 (53. Qxe7 b2) 53... b2 54. Qd3+ Nf5) 1/2-1/2

[Event "FIDE Online Olympiad Top Division 2020"]
[Site "Online"]
[Date "2020.08.24"]
[Round "?"]
[White "Schulze, Lara"]
[Black "Harika, Dronavalli"]
[Result "1/2-1/2"]
[WhiteElo "2310"]
[BlackElo "2425"]
[Annotator "ChessBase"]
[PlyCount "69"]
[EventDate "2020.08.21"]
[TimeControl "900+5"]

1. e4 {[%emt 0:00:02]} e5 {[%emt 0:00:04]} 2. Nf3 {[%emt 0:00:02]} Nf6 {[%emt 0:00:01]} 3. Nxe5 {[%emt 0:00:02]} d6 {[%emt 0:00:09]} 4. Nf3 {[%emt 0:00:02]} Nxe4 {[%emt 0:00:01]} 5. c4 {[%emt 0:00:01]} Nc6 {[%emt 0:00:09]} 6. Nc3 {[%emt 0:00:05]} Nxc3 {[%emt 0:00:18]} 7. dxc3 {[%emt 0:00:02]} Bf5 {[%emt 0:00:09]} 8. Nd4 {[%emt 0:00:09]} Nxd4 {[%emt 0:00:48]} 9. Qxd4 {[%emt 0:00:03]} Qe7+ {[%emt 0:00:12]} 10. Be3 {[%emt 0:00:20]} Qe4 {[%emt 0:00:25]} 11. Qxe4+ {[%emt 0:02:10]} Bxe4 {[%emt 0:00:01]} 12. f3 {[%emt 0:00:06]} Bg6 {[%emt 0:00:40]} 13. h4 {[%emt 0:01:29]} h5 {[%emt 0:00:05]} 14. Bd4 {[%emt 0:00:33]} O-O-O {[%emt 0:00:36]} 15. O-O-O {[%emt 0:00:16]} a6 {[%emt 0:01:10]} 16. a4 {[%emt 0:00:29]} Re8 {[%emt 0:00:41]} 17. a5 {[%emt 0:01:46]} Bf5 {[%emt 0:01:17]} 18. Kd2 {[%emt 0:02:02]} Rh6 {[%emt 0:01:09]} 19. Bd3 {[%emt 0:00:10]} Bxd3 {[%emt 0:00:30]} 20. Kxd3 {[%emt 0:00:00]} Rhe6 {[%emt 0:00:02]} 21. Bf2 {[%emt 0:00:40]} Kd7 {[%emt 0:00:27]} 22. Rhe1 {[%emt 0:00:12]} Rxe1 {[%emt 0:00:04]} 23. Rxe1 {[%emt 0:00:00]} Rxe1 {[%emt 0:00:17]} 24. Bxe1 {[%emt 0:00:00]} Ke6 {[%emt 0:00:17]} 25. Ke4 {[%emt 0:01:55]} Be7 {[%emt 0:00:15]} 26. Bg3 {[%emt 0:00:58]} g6 {[%emt 0:00:14]} 27. Bf2 {[%emt 0:00:35]} c6 {[%emt 0:00:12]} 28. Kd3 {[%emt 0:00:16]} Kf5 {[%emt 0:00:14]} 29. Bg3 {[%emt 0:00:38]} Ke6 {[%emt 0:00:27]} 30. Ke4 {[%emt 0:00:03]} Bd8 {[%emt 0:00:03]} 31. b4 {[%emt 0:00:06]} Be7 {[%emt 0:00:39]} 32. Bf2 {[%emt 0:00:06]} Bd8 {[%emt 0:00:02]} 33. Bg3 {[%emt 0:00:02]} Be7 {[%emt 0:00:06]} 34. Bf2 {[%emt 0:00:02]} Bd8 {[%emt 0:00:01]} 35. Bg3 {[%emt 0:00:02]} 1/2-1/2

[Event "FIDE Online Olympiad Top Division 2020"]
[Site "Online"]
[Date "2020.08.24"]
[Round "?"]
[White "Schulze, Lara"]
[Black "Makwena, Christine"]
[Result "1-0"]
[WhiteElo "2299"]
[BlackElo "1087"]
[Annotator "ChessBase"]
[PlyCount "179"]
[EventDate "2020.08.21"]
[TimeControl "900+5"]

1. e4 {[%emt 0:00:04]} e6 {[%emt 0:00:04]} 2. d4 {[%emt 0:00:02]} d5 {[%emt 0:00:04]} 3. Nd2 {[%emt 0:00:01]} Nf6 {[%emt 0:00:04]} 4. e5 {[%emt 0:00:02]} Nfd7 {[%emt 0:00:03]} 5. c3 {[%emt 0:00:04]} c5 {[%emt 0:00:04]} 6. f4 {[%emt 0:00:05]} Nc6 {[%emt 0:00:07]} 7. Ndf3 {[%emt 0:00:03]} cxd4 {[%emt 0:01:12]} 8. cxd4 {[%emt 0:00:06]} a5 {[%emt 0:00:04]} 9. Bd3 {[%emt 0:00:30]} a4 {[%emt 0:00:12]} 10. Ne2 {[%emt 0:00:39]} a3 {[%emt 0:01:00]} 11. b3 {[%emt 0:00:14]} Nb4 {[%emt 0:00:14]} 12. Bb1 {[%emt 0:01:00]} Nb6 {[%emt 0:00:26]} 13. O-O {[%emt 0:00:16]} Bd7 {[%emt 0:00:07]} 14. Nc3 {[%emt 0:04:22]} Qc7 {[%emt 0:01:17]} 15. Bd2 {[%emt 0:00:19]} Nc8 {[%emt 0:02:12]} 16. Qe2 {[%emt 0:01:12]} Qb6 {[%emt 0:00:19]} 17. Kh1 {[%emt 0:00:45]} h5 {[%emt 0:01:02]} 18. Qf2 {[%emt 0:02:07]} Ne7 {[%emt 0:00:56]} 19. Ne1 {[%emt 0:01:21]} Nf5 {[%emt 0:01:58]} 20. Bxf5 {[%emt 0:00:46]} exf5 {[%emt 0:00:04]} 21. Be3 {[%emt 0:00:26]} Rc8 {[%emt 0:01:10]} 22. Qd2 {[%emt 0:00:10]} Qa6 {[%emt 0:00:43]} 23. Rf3 {[%emt 0:01:02]} Rh6 {[%emt 0:00:44]} 24. Bf2 {[%emt 0:00:48]} Qa5 {[%emt 0:01:29]} 25. Ne2 {[%emt 0:00:19]} Nc6 {[%emt 0:00:14]} 26. Qxa5 {[%emt 0:00:02]} Nxa5 {[%emt 0:00:03]} 27. Nc3 {[%emt 0:00:09]} Be6 {[%emt 0:00:32]} 28. Nc2 {[%emt 0:00:03]} Nc6 {[%emt 0:00:11]} 29. Be1 {[%emt 0:00:07]} Be7 {[%emt 0:00:21]} 30. Kg1 {[%emt 0:00:02]} Kd7 {[%emt 0:00:13]} 31. Kf1 {[%emt 0:00:04]} Na7 {[%emt 0:00:03]} 32. Ke2 {[%emt 0:00:06]} b5 {[%emt 0:00:03]} 33. b4 {[%emt 0:00:07]} Rhh8 {[%emt 0:00:04]} 34. Rb1 {[%emt 0:00:03]} Rc4 {[%emt 0:00:04]} 35. Ne3 {[%emt 0:00:10]} Rc7 {[%emt 0:00:05]} 36. Rb3 {[%emt 0:00:07]} Rhc8 {[%emt 0:00:04]} 37. Nc2 {[%emt 0:00:04]} Rc4 {[%emt 0:00:10]} 38. Rxa3 {[%emt 0:00:01]} R8c7 {[%emt 0:00:05]} 39. Rb3 {[%emt 0:00:04]} R4c6 {[%emt 0:00:04]} 40. a3 {[%emt 0:00:02]} Ra6 {[%emt 0:00:03]} 41. Kd3 {[%emt 0:00:04]} Rac6 {[%emt 0:00:03]} 42. Rf2 {[%emt 0:00:05]} Ra6 {[%emt 0:00:02]} 43. Ne3 {[%emt 0:00:04]} Kc6 {[%emt 0:00:06]} 44. Rc2 {[%emt 0:00:03]} Kd7 {[%emt 0:00:11]} 45. Ncxd5 {[%emt 0:00:07]} Rxc2 {[%emt 0:00:03]} 46. Kxc2 {[%emt 0:00:00]} Nc6 {[%emt 0:00:11]} 47. Kd3 {[%emt 0:00:03]} Ra7 {[%emt 0:00:11]} 48. Rc3 {[%emt 0:00:02]} Ra6 {[%emt 0:00:07]} 49. Nxe7 {[%emt 0:00:07]} Nxe7 {[%emt 0:00:03]} 50. Bh4 {[%emt 0:00:08]} Nd5 {[%emt 0:00:04]} 51. Nxd5 {[%emt 0:00:03]} Bxd5 {[%emt 0:00:03]} 52. Bf2 {[%emt 0:00:06]} Bc4+ {[%emt 0:00:02]} 53. Ke3 {[%emt 0:00:03]} Ra7 {[%emt 0:00:03]} 54. Be1 {[%emt 0:00:04]} Rc7 {[%emt 0:00:04]} 55. Bd2 {[%emt 0:00:06]} Rb7 {[%emt 0:00:03]} 56. Kf2 {[%emt 0:00:06]} Ke6 {[%emt 0:00:03]} 57. a4 {[%emt 0:00:10]} Kd5 {[%emt 0:00:05]} 58. axb5 {[%emt 0:00:11]} Rxb5 {[%emt 0:00:04]} 59. Ra3 {[%emt 0:00:02]} Kxd4 {[%emt 0:00:07]} 60. Ra7 {[%emt 0:00:04]} Be6 {[%emt 0:00:04]} 61. Rc7 {[%emt 0:00:10]} Kd5 {[%emt 0:00:05]} 62. Ke3 {[%emt 0:00:06]} g6 {[%emt 0:00:09]} 63. Ra7 {[%emt 0:00:04]} Kc6 {[%emt 0:00:03]} 64. Ra6+ {[%emt 0:00:05]} Kd5 {[%emt 0:00:03]} 65. Rd6+ {[%emt 0:00:03]} Kc4 {[%emt 0:00:02]} 66. Rd4+ {[%emt 0:00:05]} Kb3 {[%emt 0:00:03]} 67. Rd8 {[%emt 0:00:02]} Kc4 {[%emt 0:00:03]} 68. Rd6 {[%emt 0:00:06]} Kb3 {[%emt 0:00:03]} 69. Rc6 {[%emt 0:00:04]} Ka4 {[%emt 0:00:05]} 70. Rc7 {[%emt 0:00:07]} Kb3 {[%emt 0:00:03]} 71. g3 {[%emt 0:00:06]} Rb6 {[%emt 0:00:14]} 72. Kd4 {[%emt 0:00:07]} Ka4 {[%emt 0:00:07]} 73. Ra7+ {[%emt 0:00:05]} Kb5 {[%emt 0:00:03]} 74. Ra5+ {[%emt 0:00:03]} Kc6 {[%emt 0:00:05]} 75. Rc5+ {[%emt 0:00:01]} Kd7 {[%emt 0:00:09]} 76. b5 {[%emt 0:00:09]} Rb7 {[%emt 0:00:09]} 77. Ba5 {[%emt 0:00:06]} Ke8 {[%emt 0:00:07]} 78. Bc7 {[%emt 0:00:08]} Kd7 {[%emt 0:00:04]} 79. b6 {[%emt 0:00:03]} Bb3 {[%emt 0:00:12]} 80. Ra5 {[%emt 0:00:04]} Kc6 {[%emt 0:00:04]} 81. Rc5+ {[%emt 0:00:05]} Kd7 {[%emt 0:00:02]} 82. Rc3 {[%emt 0:00:01]} Be6 {[%emt 0:00:03]} 83. Kc5 {[%emt 0:00:03]} Ba2 {[%emt 0:00:07]} 84. Rd3+ {[%emt 0:00:04]} Ke7 {[%emt 0:00:05]} 85. Kc6 {[%emt 0:00:10]} Rxc7+ {[%emt 0:00:09]} 86. bxc7 {[%emt 0:00:05]} Be6 {[%emt 0:00:04]} 87. Rd8 {[%emt 0:00:04]} f6 {[%emt 0:00:10]} 88. exf6+ {[%emt 0:00:04]} Kxf6 {[%emt 0:00:03]} 89. c8=Q {[%emt 0:00:01]} Bxc8 {[%emt 0:00:03]} 90. Rxc8 {[%emt 0:00:00]} 1-0

[Event "FIDE Online Olympiad Top Division 2020"]
[Site "Online"]
[Date "2020.08.22"]
[Round "?"]
[White "Melamed, Tatjana"]
[Black "Hou, Yifan"]
[Result "1/2-1/2"]
[WhiteElo "2298"]
[BlackElo "2621"]
[Annotator "ChessBase"]
[PlyCount "101"]
[EventDate "2020.08.21"]
[SourceTitle "playchess.com"]
[Source "ChessBase"]
[SourceQuality "1"]
[TimeControl "900+5"]

1. e4 {[%emt 0:00:02]} c5 {[%emt 0:00:02]} 2. Nf3 {[%emt 0:00:04]} e6 {[%emt 0:00:02]} 3. c3 {[%emt 0:00:01]} d5 {[%emt 0:00:04]} 4. exd5 {[%emt 0:00:03]} Qxd5 {[%emt 0:00:01]} 5. d4 {[%emt 0:00:02]} Nf6 {[%emt 0:00:00]} 6. Be2 {[%emt 0:00:04]} Be7 {[%emt 0:00:05]} 7. O-O {[%emt 0:00:06]} O-O {[%emt 0:00:02]} 8. Na3 {[%emt 0:00:14]} a6 {[%emt 0:03:04]} 9. Nc4 {[%emt 0:00:07]} Nbd7 {[%emt 0:00:02]} 10. Nfe5 {[%emt 0:02:22]} cxd4 {[%emt 0:02:25]} 11. Bf3 {[%emt 0:00:44]} Qc5 {[%emt 0:00:18]} 12. cxd4 {[%emt 0:00:07]} Qc7 {[%emt 0:00:02]} 13. Bf4 {[%emt 0:00:25]} Nxe5 {[%emt 0:00:27]} 14. Nxe5 {[%emt 0:00:07]} Qb6 {[%emt 0:00:05]} 15. Nc4 {[%emt 0:01:23]} Qd8 {[%emt 0:00:08]} 16. Qb3 {[%emt 0:00:52]} Bd7 {[%emt 0:02:34]} 17. Bxb7 {[%emt 0:01:33]} Ra7 {[%emt 0:00:05]} 18. Bf3 {[%emt 0:00:03]} Bb5 {[%emt 0:02:18]} 19. Rfd1 {[%emt 0:00:04]} Nd5 {[%emt 0:00:07]} 20. Be5 {[%emt 0:01:38]} Bc6 {[%emt 0:00:35]} 21. Rac1 {[%emt 0:00:54]} Rb7 {[%emt 0:00:51]} 22. Qc2 {[%emt 0:00:45]} h6 {[%emt 0:00:38]} 23. a3 {[%emt 0:01:14]} Bg5 {[%emt 0:00:22]} 24. Rb1 {[%emt 0:00:16]} Rd7 {[%emt 0:00:02]} 25. h3 {[%emt 0:00:55]} Ba8 {[%emt 0:00:19]} 26. Qa4 {[%emt 0:00:12]} Bb7 {[%emt 0:01:01]} 27. Qa5 {[%emt 0:00:11]} Qa8 {[%emt 0:00:08]} 28. Rd3 {[%emt 0:00:14]} Bd8 {[%emt 0:00:10]} 29. Qd2 {[%emt 0:00:14]} Bc6 {[%emt 0:00:12]} 30. Ne3 {[%emt 0:00:31]} Bg5 {[%emt 0:00:10]} 31. Qe2 {[%emt 0:00:29]} Bxe3 {[%emt 0:00:17]} 32. Bxd5 {[%emt 0:00:19]} Bxf2+ {[%emt 0:00:35]} 33. Qxf2 {[%emt 0:00:04]} Bxd5 {[%emt 0:00:00]} 34. Rg3 {[%emt 0:00:28]} f6 {[%emt 0:00:06]} 35. Bf4 {[%emt 0:00:03]} Kh7 {[%emt 0:00:08]} 36. Re1 {[%emt 0:00:03]} Qc6 {[%emt 0:00:02]} 37. Rc3 {[%emt 0:00:03]} Qb6 {[%emt 0:00:05]} 38. Kh2 {[%emt 0:00:12]} Kg8 {[%emt 0:00:05]} 39. b4 {[%emt 0:00:05]} e5 {[%emt 0:00:04]} 40. Be3 {[%emt 0:00:04]} Qd6 {[%emt 0:00:03]} 41. Kg1 {[%emt 0:00:16]} e4 {[%emt 0:00:13]} 42. Rec1 {[%emt 0:00:04]} g5 {[%emt 0:00:12]} 43. Qf5 {[%emt 0:00:03]} Rg7 {[%emt 0:00:11]} 44. Rc8 {[%emt 0:00:04]} Bb7 {[%emt 0:00:07]} 45. Rxf8+ {[%emt 0:00:05]} Kxf8 {[%emt 0:00:01]} 46. d5 {[%emt 0:00:04]} Kg8 {[%emt 0:00:06]} 47. Qxe4 {[%emt 0:00:09]} Re7 {[%emt 0:00:07]} 48. Qg6+ {[%emt 0:00:02]} Rg7 {[%emt 0:00:01]} 49. Qe4 {[%emt 0:00:02]} Re7 {[%emt 0:00:01]} 50. Qg6+ {[%emt 0:00:01]} Rg7 {[%emt 0:00:01]} 51. Qe4 {[%emt 0:00:11]} 1/2-1/2

[Event "FIDE Online Olympiad Top Division 2020"]
[Site "Online"]
[Date "2020.08.22"]
[Round "?"]
[White "Wagner, Dennis"]
[Black "Quparadze, Giga"]
[Result "0-1"]
[WhiteElo "2297"]
[BlackElo "2784"]
[Annotator "TA"]
[PlyCount "74"]
[EventDate "2020.08.21"]
[SourceTitle "playchess.com"]
[Source "ChessBase"]
[SourceQuality "1"]

{[%evp 9,74,22,54,47,52,58,41,47,112,95,136,88,127,117,111,75,83,53,104,-222,-227,-222,-209,-653,-644,-812,-679,-797,-538,-538,-538,-536,-489,-490,-490,-488,-478,-485,-477,-515,-520,-556,-564,-539,-528,-702,-700,-697,-694,-712,-704,-695,-605,-610,-610,-605,-592,-608,-606,-607,-616,-642,-631,-766,-764,-29985,-29986]} 1. d4 Nf6 2. c4 e6 3. Nc3 Bb4 4. Qc2 d6 5. Nf3 c5 6. dxc5 {E32: Nimzo-Indian: Classical (4 Qc2): 4...0-0.} Bxc5 7. Bg5 h6 8. Bh4 {White is slightly better.} g5 (8... Bb4 $14) 9. Bg3 $16 Nh5 10. e3 {[#]} Nc6 $146 ({Predecessor:} 10... Nxg3 11. hxg3 Bd7 12. Rd1 Bc6 13. a3 Qe7 14. b4 Bb6 15. Qd3 Bc7 16. Nd4 a6 {½-½ (30) Storkebaum,K (2334)-Grey,F (2286) ICCF email 2004}) 11. O-O-O Qe7 12. Ne4 {[%cal Rg3d6]} e5 13. Be2 Bd7 ({Better is} 13... Be6 $14) 14. Nxe5 $2 {[%mdl 8192] This costs White the game.} (14. a3 $16) 14... Nxg3 $19 15. Nxd7 Nxe4 16. Bg4 $2 {[#]} (16. Qxe4 Kxd7 17. Qd5) 16... Nxf2 $1 {[%mdl 576] Double Attack} 17. Bf5 (17. Qxf2 Bxe3+) 17... Nxd1 18. Rxd1 Ne5 19. Nxe5 Qxe5 20. e4 Kf8 21. g3 Kg7 22. Kb1 Rae8 23. a3 Qf6 24. Ka2 Re5 25. h4 {[#]} Rxf5 $1 26. exf5 Re8 27. Rf1 Re3 28. hxg5 Qxg5 29. f6+ Kg8 30. Qg2 Qg4 31. Rf4 Qe2 32. Qxe2 Rxe2 {KRB-KR} 33. Rg4+ Kf8 34. Rh4 Ke8 35. Kb3 Kd7 36. Rxh6 Bd4 37. Kb4 Rxb2+ {Accuracy: White = 35%, Black = 70%.} 0-1

[Event "FIDE Online Olympiad Top Division 2020"]
[Site "Online"]
[Date "2020.08.21"]
[Round "?"]
[White "Parhamov"]
[Black "rasmussvane"]
[Result "0-1"]
[WhiteElo "2289"]
[BlackElo "2481"]
[Annotator "ChessBase"]
[PlyCount "118"]
[EventDate "2020.08.21"]
[SourceTitle "playchess.com"]
[Source "ChessBase"]
[SourceQuality "1"]
[TimeControl "900+5"]

1. e4 {[%emt 0:00:05]} c6 {[%emt 0:00:01]} 2. d4 {[%emt 0:00:05]} d5 {[%emt 0:00:01]} 3. Nc3 {[%emt 0:00:02]} dxe4 {[%emt 0:00:05]} 4. Nxe4 {[%emt 0:00:00]} Nf6 {[%emt 0:00:01]} 5. Nxf6+ {[%emt 0:00:02]} exf6 {[%emt 0:00:00]} 6. c3 {[%emt 0:00:02]} Bd6 {[%emt 0:00:02]} 7. Bd3 {[%emt 0:00:01]} O-O {[%emt 0:00:00]} 8. Ne2 {[%emt 0:00:01]} Re8 {[%emt 0:00:01]} 9. O-O {[%emt 0:00:01]} Na6 {[%emt 0:00:27]} 10. Bf4 {[%emt 0:00:53]} Nc7 {[%emt 0:00:11]} 11. Qd2 {[%emt 0:00:07]} Be6 {[%emt 0:01:04]} 12. Rfe1 {[%emt 0:00:07]} Nd5 {[%emt 0:00:45]} 13. Bg3 {[%emt 0:00:17]} g6 {[%emt 0:00:35]} 14. a3 {[%emt 0:00:33]} Bxg3 {[%emt 0:01:01]} 15. hxg3 {[%emt 0:00:10]} Qd6 {[%emt 0:01:01]} 16. c4 {[%emt 0:01:38]} Ne7 {[%emt 0:00:04]} 17. Qc3 {[%emt 0:00:38]} Rad8 {[%emt 0:00:12]} 18. Rad1 {[%emt 0:00:13]} Bg4 {[%emt 0:00:38]} 19. f3 {[%emt 0:00:23]} Bf5 {[%emt 0:00:07]} 20. Be4 {[%emt 0:00:32]} h5 {[%emt 0:00:53]} 21. b4 {[%emt 0:02:46]} b6 {[%emt 0:02:25]} 22. Kf2 {[%emt 0:01:12]} Kg7 {[%emt 0:00:08]} 23. a4 {[%emt 0:00:02]} Qc7 {[%emt 0:00:54]} 24. Nf4 {[%emt 0:02:11]} h4 {[%emt 0:01:38]} 25. Ne2 {[%emt 0:00:01]} Rh8 {[%emt 0:00:04]} 26. Rh1 {[%emt 0:00:25]} hxg3+ {[%emt 0:00:06]} 27. Nxg3 {[%emt 0:00:01]} Be6 {[%emt 0:00:12]} 28. Ne2 {[%emt 0:00:23]} Qd6 {[%emt 0:00:12]} 29. b5 {[%emt 0:01:20]} c5 {[%emt 0:00:19]} 30. d5 {[%emt 0:00:08]} Bd7 {[%emt 0:00:11]} 31. Qe3 {[%emt 0:00:10]} Rde8 {[%emt 0:00:27]} 32. Rxh8 {[%emt 0:00:45]} Rxh8 {[%emt 0:00:02]} 33. Qf4 {[%emt 0:00:00]} Nc8 {[%emt 0:00:03]} 34. Ra1 {[%emt 0:00:38]} Qe5 {[%emt 0:00:35]} 35. Qxe5 {[%emt 0:00:06]} fxe5 {[%emt 0:00:00]} 36. a5 {[%emt 0:00:00]} Nd6 {[%emt 0:00:02]} 37. Bd3 {[%emt 0:00:01]} Bf5 {[%emt 0:00:06]} 38. Ke3 {[%emt 0:01:06]} Rh4 {[%emt 0:00:22]} 39. axb6 {[%emt 0:00:33]} axb6 {[%emt 0:00:00]} 40. Ra4 {[%emt 0:00:06]} e4 {[%emt 0:00:58]} 41. fxe4 {[%emt 0:00:01]} Bxe4 {[%emt 0:00:02]} 42. g3 {[%emt 0:00:29]} Rg4 {[%emt 0:00:03]} 43. Bxe4 {[%emt 0:00:07]} Rxe4+ {[%emt 0:00:00]} 44. Kd3 {[%emt 0:00:01]} Rg4 {[%emt 0:00:27]} 45. Kc3 {[%emt 0:00:11]} Nxb5+ {[%emt 0:00:05]} 46. Kb3 {[%emt 0:00:06]} Nd6 {[%emt 0:00:08]} 47. Nc3 {[%emt 0:00:09]} Rxg3 {[%emt 0:00:05]} 48. Kc2 {[%emt 0:00:01]} Rg4 {[%emt 0:00:06]} 49. Kb3 {[%emt 0:00:01]} Kf6 {[%emt 0:00:22]} 50. Ra6 {[%emt 0:00:02]} Nxc4 {[%emt 0:00:07]} 51. Nb5 {[%emt 0:00:12]} Ke5 {[%emt 0:00:13]} 52. Ra7 {[%emt 0:00:01]} Nd6 {[%emt 0:00:19]} 53. Nc7 {[%emt 0:00:14]} Rg3+ {[%emt 0:00:04]} 54. Kc2 {[%emt 0:00:01]} c4 {[%emt 0:00:06]} 55. Ra1 {[%emt 0:00:04]} f5 {[%emt 0:00:32]} 56. Re1+ {[%emt 0:00:06]} Ne4 {[%emt 0:00:02]} 57. Rd1 {[%emt 0:00:03]} Rc3+ {[%emt 0:00:09]} 58. Kb2 {[%emt 0:00:01]} Rd3 {[%emt 0:00:09]} 59. Rg1 {[%emt 0:00:02]} g5 {[%emt 0:00:02]} 0-1

[Event "FIDE Online Olympiad Top Division 2020"]
[Site "Online"]
[Date "2020.08.22"]
[Round "?"]
[White "Schulze, Lara"]
[Black "Batsiashvili, Nino"]
[Result "0-1"]
[WhiteElo "2288"]
[BlackElo "2504"]
[Annotator "ChessBase"]
[PlyCount "92"]
[EventDate "2020.08.21"]
[SourceTitle "playchess.com"]
[Source "ChessBase"]
[SourceQuality "1"]
[TimeControl "900+5"]

1. e4 {[%emt 0:00:03]} e5 {[%emt 0:00:02]} 2. Nf3 {[%emt 0:00:02]} Nc6 {[%emt 0:00:01]} 3. Bc4 {[%emt 0:00:02]} Nf6 {[%emt 0:00:03]} 4. d3 {[%emt 0:00:01]} Bc5 {[%emt 0:00:02]} 5. c3 {[%emt 0:00:04]} a6 {[%emt 0:00:10]} 6. O-O {[%emt 0:00:13]} d6 {[%emt 0:00:20]} 7. Bb3 {[%emt 0:00:08]} Ba7 {[%emt 0:00:30]} 8. Nbd2 {[%emt 0:00:10]} O-O {[%emt 0:00:02]} 9. h3 {[%emt 0:00:10]} Be6 {[%emt 0:00:12]} 10. Bxe6 {[%emt 0:00:16]} fxe6 {[%emt 0:00:02]} 11. b4 {[%emt 0:00:07]} Qe8 {[%emt 0:00:06]} 12. Nc4 {[%emt 0:00:17]} Nh5 {[%emt 0:00:40]} 13. a4 {[%emt 0:01:29]} Ne7 {[%emt 0:02:35]} 14. Be3 {[%emt 0:03:59]} Nf4 {[%emt 0:00:07]} 15. Bxa7 {[%emt 0:01:39]} Rxa7 {[%emt 0:00:23]} 16. g3 {[%emt 0:00:47]} Nh5 {[%emt 0:05:41]} 17. Ng5 {[%emt 0:02:09]} Rf6 {[%emt 0:00:10]} 18. Ne3 {[%emt 0:00:54]} Qg6 {[%emt 0:00:28]} 19. h4 {[%emt 0:01:05]} h6 {[%emt 0:00:09]} 20. Nf3 {[%emt 0:01:20]} Ra8 {[%emt 0:00:08]} 21. Nh2 {[%emt 0:00:10]} Raf8 {[%emt 0:00:17]} 22. Neg4 {[%emt 0:00:19]} R6f7 {[%emt 0:00:04]} 23. Qe2 {[%emt 0:00:07]} Kh8 {[%emt 0:00:51]} 24. b5 {[%emt 0:00:32]} a5 {[%emt 0:00:08]} 25. d4 {[%emt 0:00:05]} exd4 {[%emt 0:00:30]} 26. cxd4 {[%emt 0:00:02]} Ng8 {[%emt 0:00:01]} 27. Ra3 {[%emt 0:00:21]} Ngf6 {[%emt 0:00:21]} 28. Re3 {[%emt 0:00:08]} Nd7 {[%emt 0:00:19]} 29. Kh1 {[%emt 0:00:12]} Nb6 {[%emt 0:00:03]} 30. Qd1 {[%emt 0:00:19]} Nf6 {[%emt 0:00:25]} 31. Nxf6 {[%emt 0:00:09]} Rxf6 {[%emt 0:00:00]} 32. Qg4 {[%emt 0:00:06]} Qf7 {[%emt 0:00:20]} 33. f4 {[%emt 0:00:05]} e5 {[%emt 0:00:03]} 34. dxe5 {[%emt 0:00:07]} dxe5 {[%emt 0:00:01]} 35. f5 {[%emt 0:00:02]} Rd6 {[%emt 0:00:11]} 36. Nf3 {[%emt 0:00:03]} Qf6 {[%emt 0:00:01]} 37. Rc1 {[%emt 0:00:06]} Rf7 {[%emt 0:00:05]} 38. Rec3 {[%emt 0:00:03]} Rdd7 {[%emt 0:00:02]} 39. Qh5 {[%emt 0:00:12]} Rfe7 {[%emt 0:00:11]} 40. g4 {[%emt 0:00:05]} Qd6 {[%emt 0:00:56]} 41. g5 {[%emt 0:00:05]} Nxa4 {[%emt 0:00:00]} 42. f6 {[%emt 0:00:10]} Rf7 {[%emt 0:00:33]} 43. Rc4 {[%emt 0:00:03]} Nb2 {[%emt 0:00:38]} 44. fxg7+ {[%emt 0:00:07]} Rxg7 {[%emt 0:00:24]} 45. Rc5 {[%emt 0:00:05]} Nd3 {[%emt 0:00:02]} 46. Rd5 {[%emt 0:00:07]} Qe6 {[%emt 0:00:08]} 0-1